000 00225nam a22001217a 4500
020 _a9780913462012
041 _aeng
080 _a57
090 _bRIC
100 _aRicklefs, Robert E.
245 _aEcology
999 _c280289
_d280289
942 _cBK